[Event "ODJM A 2025"]
[Site "Willingen GER"]
[Date "2025.06.08"]
[Round "2"]
[White "Hoffmann, Alexander"]
[Black "Storm, Max"]
[Result "0-1"]
[Termination "normal"]
[Board "28"]
[WhiteElo "1907"]
[BlackElo "2061"]
[WhiteClock "00:00:34"]
[BlackClock "00:00:53"]
[PlyCount "126"]
[WhiteFideId "16240219"]
[BlackFideId "34625658"]
[EventCountry "GER"]
[EventRounds "9"]
[EventType "swiss"]
[EventDate "2025.06.07"]

1. c4 {[%clk 01:30:57]} {[%emt 00:00:03]} Nf6 {[%clk 01:30:51]} {[%emt
00:00:05]} 2. g3 {[%clk 01:31:23]} {[%emt 00:00:11]} c6 {[%clk 01:31:15]}
{[%emt 00:00:02]} 3. Bg2 {[%clk 01:31:37]} {[%emt 00:00:17]} d5 {[%clk
01:31:38]} {[%emt 00:00:06]} 4. b3 {[%clk 01:31:53]} {[%emt 00:00:15]} Bf5
{[%clk 01:31:29]} {[%emt 00:00:38]} 5. Nf3 {[%clk 01:31:34]} {[%emt 00:00:50]}
e6 {[%clk 01:28:43]} {[%emt 00:03:15]} 6. Bb2 {[%clk 01:31:27]} {[%emt
00:00:37]} Nbd7 {[%clk 01:28:08]} {[%emt 00:01:04]} 7. O-O {[%clk 01:28:59]}
{[%emt 00:02:59]} Be7 {[%clk 01:24:49]} {[%emt 00:03:48]} 8. d3 {[%clk
01:26:40]} {[%emt 00:02:50]} h6 {[%clk 01:12:02]} {[%emt 00:13:16]} 9. Nbd2
{[%clk 01:26:03]} {[%emt 00:01:08]} O-O {[%clk 01:11:15]} {[%emt 00:01:16]} 10.
Re1 {[%clk 01:21:20]} {[%emt 00:05:14]} Bh7 {[%clk 01:08:17]} {[%emt 00:03:27]}
11. e4 {[%clk 01:08:07]} {[%emt 00:13:44]} Nc5 {[%clk 01:05:00]} {[%emt
00:03:46]} 12. Ne5 {[%clk 01:04:31]} {[%emt 00:04:07]} dxe4 {[%clk 00:54:17]}
{[%emt 00:11:13]} 13. Nxe4 {[%clk 01:01:27]} {[%emt 00:03:35]} Nfxe4 {[%clk
00:48:48]} {[%emt 00:05:58]} 14. dxe4 {[%clk 00:51:59]} {[%emt 00:09:58]} a5
{[%clk 00:44:45]} {[%emt 00:04:33]} 15. Qe2 {[%clk 00:47:03]} {[%emt 00:05:25]}
Qc7 {[%clk 00:43:14]} {[%emt 00:02:02]} 16. Rad1 {[%clk 00:43:35]} {[%emt
00:03:58]} f6 {[%clk 00:38:42]} {[%emt 00:05:01]} 17. Nd3 {[%clk 00:39:51]}
{[%emt 00:04:14]} e5 {[%clk 00:37:10]} {[%emt 00:02:02]} 18. Nxc5 {[%clk
00:36:48]} {[%emt 00:03:34]} Bxc5 {[%clk 00:37:33]} {[%emt 00:00:08]} 19. Rd3
{[%clk 00:32:53]} {[%emt 00:04:24]} Rfd8 {[%clk 00:36:06]} {[%emt 00:01:57]}
20. Red1 {[%clk 00:31:52]} {[%emt 00:01:31]} Rxd3 {[%clk 00:34:47]} {[%emt
00:01:49]} 21. Qxd3 {[%clk 00:30:55]} {[%emt 00:01:27]} Qb6 {[%clk 00:32:58]}
{[%emt 00:02:19]} 22. Rd2 {[%clk 00:21:38]} {[%emt 00:09:47]} a4 {[%clk
00:29:27]} {[%emt 00:04:01]} 23. Bc3 {[%clk 00:14:46]} {[%emt 00:07:22]} axb3
{[%clk 00:26:23]} {[%emt 00:03:35]} 24. axb3 {[%clk 00:11:34]} {[%emt
00:03:42]} Qxb3 {[%clk 00:23:34]} {[%emt 00:03:18]} 25. Rb2 {[%clk 00:11:21]}
{[%emt 00:00:44]} Ra1+ {[%clk 00:23:02]} {[%emt 00:01:01]} 26. Bf1 {[%clk
00:11:42]} {[%emt 00:00:11]} Qd1 {[%clk 00:22:35]} {[%emt 00:00:56]} 27. Rd2
{[%clk 00:11:18]} {[%emt 00:00:54]} Qxf1+ {[%clk 00:22:38]} {[%emt 00:00:26]}
28. Qxf1 {[%clk 00:11:37]} {[%emt 00:00:12]} Rxf1+ {[%clk 00:23:04]} {[%emt
00:00:04]} 29. Kxf1 {[%clk 00:12:03]} {[%emt 00:00:05]} Bxe4 {[%clk 00:23:24]}
{[%emt 00:00:09]} 30. Ke2 {[%clk 00:11:03]} {[%emt 00:01:30]} b5 {[%clk
00:17:21]} {[%emt 00:06:33]} 31. cxb5 {[%clk 00:11:04]} {[%emt 00:00:30]} cxb5
{[%clk 00:17:30]} {[%emt 00:00:20]} 32. f3 {[%clk 00:10:20]} {[%emt 00:01:14]}
Bb7 {[%clk 00:14:14]} {[%emt 00:03:46]} 33. Rd8+ {[%clk 00:08:53]} {[%emt
00:01:57]} Kh7 {[%clk 00:14:42]} {[%emt 00:00:02]} 34. Rb8 {[%clk 00:08:49]}
{[%emt 00:00:34]} Bd5 {[%clk 00:14:32]} {[%emt 00:00:39]} 35. Be1 {[%clk
00:04:55]} {[%emt 00:04:25]} Kg6 {[%clk 00:13:38]} {[%emt 00:01:24]} 36. Bf2
{[%clk 00:04:20]} {[%emt 00:01:04]} Bc4+ {[%clk 00:13:55]} {[%emt 00:00:13]}
37. Ke1 {[%clk 00:04:44]} {[%emt 00:00:07]} Bb4+ {[%clk 00:14:12]} {[%emt
00:00:14]} 38. Kd1 {[%clk 00:05:07]} {[%emt 00:00:06]} h5 {[%clk 00:05:54]}
{[%emt 00:08:47]} 39. Be3 {[%clk 00:04:31]} {[%emt 00:01:07]} Kf5 {[%clk
00:05:07]} {[%emt 00:01:17]} 40. Re8 {[%clk 00:02:07]} {[%emt 00:02:54]} Bb3+
{[%clk 00:02:03]} {[%emt 00:03:34]} 41. Ke2 {[%clk 00:00:52]} {[%emt 00:01:45]}
Bc4+ {[%clk 00:01:36]} {[%emt 00:00:57]} 42. Kf2 {[%clk 00:27:55]} {[%emt
00:03:28]} Bc3 {[%clk 00:28:44]} {[%emt 00:03:20]} 43. Rc8 {[%clk 00:26:33]}
{[%emt 00:01:52]} Ke6 {[%clk 00:19:09]} {[%emt 00:10:04]} 44. Bb6 {[%clk
00:21:48]} {[%emt 00:05:17]} Kd6 {[%clk 00:13:10]} {[%emt 00:06:29]} 45. Ke3
{[%clk 00:21:01]} {[%emt 00:01:17]} f5 {[%clk 00:10:50]} {[%emt 00:02:49]} 46.
f4 {[%clk 00:15:09]} {[%emt 00:06:23]} g6 {[%clk 00:08:46]} {[%emt 00:02:34]}
47. fxe5+ {[%clk 00:13:52]} {[%emt 00:01:47]} Kxe5 {[%clk 00:08:57]} {[%emt
00:00:18]} 48. Rc6 {[%clk 00:12:16]} {[%emt 00:02:06]} g5 {[%clk 00:07:06]}
{[%emt 00:02:20]} 49. Rc5+ {[%clk 00:11:02]} {[%emt 00:01:45]} Ke6 {[%clk
00:06:07]} {[%emt 00:01:29]} 50. Rc7 {[%clk 00:10:28]} {[%emt 00:01:05]} Be5
{[%clk 00:05:35]} {[%emt 00:01:02]} 51. Rc5 {[%clk 00:06:20]} {[%emt 00:04:39]}
Bb8 {[%clk 00:01:44]} {[%emt 00:04:20]} 52. Rc6+ {[%clk 00:05:20]} {[%emt
00:01:30]} Kd5 {[%clk 00:01:32]} {[%emt 00:00:41]} 53. Rc5+ {[%clk 00:05:20]}
{[%emt 00:00:31]} Ke6 {[%clk 00:01:52]} {[%emt 00:00:11]} 54. Rc6+ {[%clk
00:05:28]} {[%emt 00:00:21]} Kd7 {[%clk 00:01:38]} {[%emt 00:00:43]} 55. Rc5
{[%clk 00:04:35]} {[%emt 00:01:23]} f4+ {[%clk 00:01:26]} {[%emt 00:00:43]} 56.
gxf4 {[%clk 00:01:55]} {[%emt 00:03:11]} Bxf4+ {[%clk 00:01:35]} {[%emt
00:00:21]} 57. Ke4 {[%clk 00:02:08]} {[%emt 00:00:16]} h4 {[%clk 00:00:56]}
{[%emt 00:01:09]} 58. h3 {[%clk 00:00:53]} {[%emt 00:01:44]} Bf1 {[%clk
00:01:15]} {[%emt 00:00:11]} 59. Kf3 {[%clk 00:01:04]} {[%emt 00:00:21]} b4
{[%clk 00:00:48]} {[%emt 00:00:57]} 60. Ba5 {[%clk 00:00:43]} {[%emt 00:00:50]}
b3 {[%clk 00:01:06]} {[%emt 00:00:12]} 61. Bc3 {[%clk 00:01:02]} {[%emt
00:00:11]} Bxh3 {[%clk 00:00:42]} {[%emt 00:00:54]} 62. Rb5 {[%clk 00:00:56]}
{[%emt 00:00:36]} Be6 {[%clk 00:00:45]} {[%emt 00:00:26]} 63. Bd4 {[%clk
00:00:34]} {[%emt 00:00:53]} Bc1 {[%clk 00:00:53]} {[%emt 00:00:21]} 64. Kg2
{[%clk 00:00:36]} {[%emt 00:00:28]} g4 {[%clk 00:00:50]} {[%emt 00:00:34]} 65.
Kh2 {[%emt 00:00:36]} 0-1

[Event "ODJM A 2025"]
[Site "Willingen GER"]
[Date "2025.06.08"]
[Round "2"]
[White "Schmidt, Boris"]
[Black "Groessing, Daniel-Yosuke"]
[Result "1/2-1/2"]
[Termination "normal"]
[Board "30"]
[WhiteElo "1930"]
[BlackElo "1974"]
[WhiteClock "01:11:24"]
[BlackClock "00:21:56"]
[PlyCount "49"]
[WhiteFideId "16238036"]
[BlackFideId "1682237"]
[EventCountry "GER"]
[EventRounds "9"]
[EventType "swiss"]
[EventDate "2025.06.07"]

1. d4 {[%clk 01:30:57]} {[%emt 00:00:02]} Nf6 {[%clk 01:30:55]} {[%emt
00:00:05]} 2. c4 {[%clk 01:31:24]} {[%emt 00:00:03]} e6 {[%clk 01:31:18]}
{[%emt 00:00:09]} 3. Nf3 {[%clk 01:31:50]} {[%emt 00:00:02]} b6 {[%clk
01:31:39]} {[%emt 00:00:10]} 4. a3 {[%clk 01:32:15]} {[%emt 00:00:05]} Ba6
{[%clk 01:31:44]} {[%emt 00:00:25]} 5. b3 {[%clk 01:30:13]} {[%emt 00:02:33]}
d5 {[%clk 01:26:48]} {[%emt 00:05:25]} 6. Qc2 {[%clk 01:30:36]} {[%emt
00:00:07]} Be7 {[%clk 01:23:12]} {[%emt 00:04:06]} 7. e3 {[%clk 01:29:53]}
{[%emt 00:01:13]} O-O {[%clk 01:21:49]} {[%emt 00:01:53]} 8. Bd3 {[%clk
01:30:19]} {[%emt 00:00:04]} Bb7 {[%clk 01:16:54]} {[%emt 00:05:24]} 9. Nbd2
{[%clk 01:30:25]} {[%emt 00:00:25]} c5 {[%clk 01:14:06]} {[%emt 00:03:19]} 10.
Bb2 {[%clk 01:30:36]} {[%emt 00:00:18]} Nbd7 {[%clk 01:08:09]} {[%emt
00:06:26]} 11. O-O {[%clk 01:30:11]} {[%emt 00:00:56]} cxd4 {[%clk 01:06:12]}
{[%emt 00:02:28]} 12. exd4 {[%clk 01:27:52]} {[%emt 00:02:48]} Rc8 {[%clk
01:02:37]} {[%emt 00:04:05]} 13. Rac1 {[%clk 01:27:57]} {[%emt 00:00:24]} Bd6
{[%clk 00:57:14]} {[%emt 00:05:54]} 14. Ne5 {[%clk 01:26:01]} {[%emt 00:02:27]}
Qe7 {[%clk 00:49:09]} {[%emt 00:08:34]} 15. a4 {[%clk 01:20:48]} {[%emt
00:05:43]} g6 {[%clk 00:40:59]} {[%emt 00:08:40]} 16. Qb1 {[%clk 01:17:46]}
{[%emt 00:03:31]} Nh5 {[%clk 00:33:53]} {[%emt 00:07:37]} 17. cxd5 {[%clk
01:13:19]} {[%emt 00:04:57]} Bxd5 {[%clk 00:32:01]} {[%emt 00:02:22]} 18. Be4
{[%clk 01:13:44]} {[%emt 00:00:05]} Nf4 {[%clk 00:30:39]} {[%emt 00:01:52]} 19.
Rce1 {[%clk 01:13:53]} {[%emt 00:00:21]} Bxe5 {[%clk 00:28:38]} {[%emt
00:02:31]} 20. dxe5 {[%clk 01:13:29]} {[%emt 00:00:54]} Nxg2 {[%clk 00:20:33]}
{[%emt 00:08:36]} 21. Bxg2 {[%clk 01:10:04]} {[%emt 00:03:54]} Bxg2 {[%clk
00:20:50]} {[%emt 00:00:13]} 22. Kxg2 {[%clk 01:10:30]} {[%emt 00:00:04]} Qg5+
{[%clk 00:21:15]} {[%emt 00:00:05]} 23. Kh1 {[%clk 01:10:54]} {[%emt 00:00:05]}
Qxd2 {[%clk 00:21:39]} {[%emt 00:00:06]} 24. Rd1 {[%clk 01:11:20]} {[%emt
00:00:05]} Qf4 {[%clk 00:21:56]} {[%emt 00:00:12]} 25. Rxd7 {[%clk 01:11:24]}
{[%emt 00:00:27]} 1/2-1/2

[Event "ODJM A 2025"]
[Site "Willingen GER"]
[Date "2025.06.08"]
[Round "2"]
[White "Hofmann, Benjamin"]
[Black "Uhlmann, Jonas"]
[Result "1-0"]
[Termination "normal"]
[Board "31"]
[WhiteElo "1944"]
[BlackElo "1876"]
[WhiteClock "00:06:47"]
[BlackClock "00:48:00"]
[PlyCount "71"]
[WhiteFideId "16270266"]
[BlackFideId "16258576"]
[EventCountry "GER"]
[EventRounds "9"]
[EventType "swiss"]
[EventDate "2025.06.07"]

1. d4 {[%clk 01:30:58]} {[%emt 00:00:03]} d5 {[%clk 01:30:55]} {[%emt
00:00:04]} 2. Nf3 {[%clk 01:31:20]} {[%emt 00:00:12]} Nf6 {[%clk 01:31:06]}
{[%emt 00:00:15]} 3. g3 {[%clk 01:31:41]} {[%emt 00:00:10]} e6 {[%clk
01:31:01]} {[%emt 00:00:35]} 4. Bg2 {[%clk 01:31:55]} {[%emt 00:00:15]} c5
{[%clk 01:31:08]} {[%emt 00:00:23]} 5. c4 {[%clk 01:32:16]} {[%emt 00:00:09]}
Nc6 {[%clk 01:31:16]} {[%emt 00:00:21]} 6. O-O {[%clk 01:32:28]} {[%emt
00:00:18]} Be7 {[%clk 01:29:59]} {[%emt 00:01:46]} 7. dxc5 {[%clk 01:32:44]}
{[%emt 00:00:16]} Bxc5 {[%clk 01:29:26]} {[%emt 00:01:03]} 8. a3 {[%clk
01:32:57]} {[%emt 00:00:17]} dxc4 {[%clk 01:29:40]} {[%emt 00:00:15]} 9. Qc2
{[%clk 01:29:31]} {[%emt 00:03:55]} O-O {[%clk 01:27:50]} {[%emt 00:02:21]} 10.
Qxc4 {[%clk 01:25:27]} {[%emt 00:04:35]} Bb6 {[%clk 01:26:32]} {[%emt
00:01:46]} 11. Nc3 {[%clk 01:23:54]} {[%emt 00:02:03]} e5 {[%clk 01:25:07]}
{[%emt 00:01:55]} 12. Rd1 {[%clk 01:22:33]} {[%emt 00:01:51]} Qc7 {[%clk
01:21:24]} {[%emt 00:04:14]} 13. Qh4 {[%clk 01:18:29]} {[%emt 00:04:32]} Nd4
{[%clk 01:18:56]} {[%emt 00:03:00]} 14. Nxd4 {[%clk 01:17:32]} {[%emt
00:01:28]} exd4 {[%clk 01:18:35]} {[%emt 00:00:51]} 15. Ne4 {[%clk 01:11:59]}
{[%emt 00:06:02]} Nxe4 {[%clk 01:18:41]} {[%emt 00:00:24]} 16. Bxe4 {[%clk
01:12:20]} {[%emt 00:00:10]} f5 {[%clk 01:18:22]} {[%emt 00:00:49]} 17. Bd5+
{[%clk 01:09:24]} {[%emt 00:03:26]} Kh8 {[%clk 01:18:42]} {[%emt 00:00:09]} 18.
Bf4 {[%clk 01:08:30]} {[%emt 00:01:24]} Qc5 {[%clk 01:15:40]} {[%emt 00:03:32]}
19. Ba2 {[%clk 01:04:29]} {[%emt 00:04:30]} Qb5 {[%clk 01:14:40]} {[%emt
00:01:30]} 20. a4 {[%clk 00:51:40]} {[%emt 00:13:20]} Qxe2 {[%clk 01:09:29]}
{[%emt 00:05:41]} 21. Re1 {[%clk 00:51:53]} {[%emt 00:00:17]} Qf3 {[%clk
01:09:04]} {[%emt 00:00:55]} 22. Qe7 {[%clk 00:51:48]} {[%emt 00:00:35]} Bd7
{[%clk 01:07:13]} {[%emt 00:02:21]} 23. Qxd7 {[%clk 00:51:00]} {[%emt
00:01:18]} d3 {[%clk 01:06:45]} {[%emt 00:00:58]} 24. Rf1 {[%clk 00:49:16]}
{[%emt 00:02:14]} Rad8 {[%clk 01:05:34]} {[%emt 00:01:41]} 25. Qb5 {[%clk
00:42:24]} {[%emt 00:07:21]} d2 {[%clk 01:04:57]} {[%emt 00:01:08]} 26. Bb3
{[%clk 00:40:39]} {[%emt 00:02:15]} Rfe8 {[%clk 01:00:31]} {[%emt 00:04:57]}
27. Bd1 {[%clk 00:40:22]} {[%emt 00:00:46]} Qe4 {[%clk 01:00:26]} {[%emt
00:00:35]} 28. Bb3 {[%clk 00:31:06]} {[%emt 00:09:46]} Qf3 {[%clk 00:57:49]}
{[%emt 00:03:07]} 29. a5 {[%clk 00:23:28]} {[%emt 00:08:09]} Bc5 {[%clk
00:52:38]} {[%emt 00:05:40]} 30. Bxd2 {[%clk 00:19:48]} {[%emt 00:04:11]} Re5
{[%clk 00:52:00]} {[%emt 00:01:07]} 31. Qc4 {[%clk 00:19:28]} {[%emt 00:00:50]}
Bd4 {[%clk 00:49:30]} {[%emt 00:03:00]} 32. Bc3 {[%clk 00:12:50]} {[%emt
00:07:08]} Rc5 {[%clk 00:48:22]} {[%emt 00:01:37]} 33. Qb4 {[%clk 00:12:03]}
{[%emt 00:01:17]} Rxc3 {[%clk 00:48:36]} {[%emt 00:00:16]} 34. bxc3 {[%clk
00:12:21]} {[%emt 00:00:12]} Bxc3 {[%clk 00:48:17]} {[%emt 00:00:49]} 35. Bd5
{[%clk 00:10:53]} {[%emt 00:01:58]} Qd3 {[%clk 00:48:00]} {[%emt 00:00:48]} 36.
Qb3 {[%clk 00:06:47]} {[%emt 00:04:33]} 1-0

[Event "ODJM A 2025"]
[Site "Willingen GER"]
[Date "2025.06.08"]
[Round "2"]
[White "Retzlaff, Kian"]
[Black "Arp, Piotr"]
[Result "1/2-1/2"]
[Termination "normal"]
[Board "33"]
[WhiteElo "1946"]
[BlackElo "1863"]
[WhiteClock "00:22:16"]
[BlackClock "00:09:02"]
[PlyCount "99"]
[WhiteFideId "34606700"]
[BlackFideId "34657398"]
[EventCountry "GER"]
[EventRounds "9"]
[EventType "swiss"]
[EventDate "2025.06.07"]

1. e4 {[%clk 01:30:58]} c5 {[%clk 01:30:59]} {[%emt 00:00:03]} 2. Nf3 {[%clk
01:31:21]} {[%emt 00:00:05]} d6 {[%clk 01:31:26]} {[%emt 00:00:09]} 3. d4
{[%clk 01:31:47]} {[%emt 00:00:01]} cxd4 {[%clk 01:31:51]} {[%emt 00:00:02]} 4.
Nxd4 {[%clk 01:32:12]} {[%emt 00:00:04]} Nf6 {[%clk 01:32:19]} {[%emt
00:00:04]} 5. Nc3 {[%clk 01:32:35]} {[%emt 00:00:04]} a6 {[%clk 01:32:44]}
{[%emt 00:00:08]} 6. Be3 {[%clk 01:32:46]} {[%emt 00:00:17]} e5 {[%clk
01:33:08]} {[%emt 00:00:13]} 7. Nb3 {[%clk 01:33:12]} {[%emt 00:00:03]} Be7
{[%clk 01:33:29]} {[%emt 00:00:03]} 8. f3 {[%clk 01:33:06]} {[%emt 00:00:36]}
Be6 {[%clk 01:33:46]} {[%emt 00:00:13]} 9. Qd2 {[%clk 01:31:51]} {[%emt
00:01:39]} h5 {[%clk 01:34:02]} {[%emt 00:00:19]} 10. Nd5 {[%clk 01:28:37]}
{[%emt 00:03:45]} Nxd5 {[%clk 01:34:21]} {[%emt 00:00:11]} 11. exd5 {[%clk
01:29:01]} {[%emt 00:00:06]} Bf5 {[%clk 01:34:47]} {[%emt 00:00:04]} 12. Be2
{[%clk 01:28:02]} {[%emt 00:01:28]} a5 {[%clk 01:29:06]} {[%emt 00:06:11]} 13.
Rc1 {[%clk 01:09:03]} {[%emt 00:19:28]} a4 {[%clk 01:24:14]} {[%emt 00:05:24]}
14. Na1 {[%clk 01:07:09]} {[%emt 00:02:23]} Nd7 {[%clk 01:21:33]} {[%emt
00:03:12]} 15. c4 {[%clk 01:00:15]} {[%emt 00:07:24]} Qa5 {[%clk 01:15:21]}
{[%emt 00:06:42]} 16. Rc3 {[%clk 00:53:05]} {[%emt 00:07:39]} Nc5 {[%clk
01:12:28]} {[%emt 00:03:24]} 17. Ra3 {[%clk 00:42:14]} {[%emt 00:11:20]} Qxd2+
{[%clk 01:11:22]} {[%emt 00:01:37]} 18. Kxd2 {[%clk 00:41:10]} {[%emt
00:01:31]} Kd7 {[%clk 01:04:25]} {[%emt 00:07:29]} 19. Bxc5 {[%clk 00:39:55]}
{[%emt 00:01:45]} dxc5 {[%clk 01:03:32]} {[%emt 00:01:23]} 20. Bd1 {[%clk
00:39:04]} {[%emt 00:01:21]} b5 {[%clk 01:01:08]} {[%emt 00:02:55]} 21. cxb5
{[%clk 00:37:44]} {[%emt 00:01:47]} c4 {[%clk 01:01:17]} {[%emt 00:00:23]} 22.
Rxa4 {[%clk 00:33:53]} {[%emt 00:04:21]} Rxa4 {[%clk 01:00:30]} {[%emt
00:01:18]} 23. Bxa4 {[%clk 00:34:03]} {[%emt 00:00:15]} Ra8 {[%clk 00:58:13]}
{[%emt 00:02:52]} 24. b3 {[%clk 00:28:03]} {[%emt 00:06:29]} Bb4+ {[%clk
00:52:20]} {[%emt 00:06:24]} 25. Ke3 {[%clk 00:23:05]} {[%emt 00:05:27]} Bc5+
{[%clk 00:40:08]} {[%emt 00:12:42]} 26. Kd2 {[%clk 00:17:28]} {[%emt 00:06:08]}
Bb4+ {[%clk 00:40:25]} {[%emt 00:00:13]} 27. Ke2 {[%clk 00:16:55]} {[%emt
00:01:02]} Bd3+ {[%clk 00:33:45]} {[%emt 00:07:10]} 28. Kf2 {[%clk 00:15:35]}
{[%emt 00:01:49]} Bc5+ {[%clk 00:29:20]} {[%emt 00:04:56]} 29. Kg3 {[%clk
00:13:49]} {[%emt 00:02:16]} h4+ {[%clk 00:14:44]} {[%emt 00:15:06]} 30. Kh3
{[%clk 00:08:47]} {[%emt 00:05:32]} Bf2 {[%clk 00:11:17]} {[%emt 00:03:57]} 31.
b6+ {[%clk 00:06:30]} {[%emt 00:02:46]} Kd6 {[%clk 00:10:38]} {[%emt 00:01:10]}
32. b7 {[%clk 00:05:29]} {[%emt 00:01:31]} Rh8 {[%clk 00:09:45]} {[%emt
00:01:23]} 33. g4 {[%emt 00:02:25]} hxg3+ {[%emt 00:01:49]} 34. Kg2 {[%clk
00:06:48]} {[%emt 00:01:01]} Kc7 {[%clk 00:07:55]} {[%emt 00:02:10]} 35. bxc4
{[%clk 00:03:58]} {[%emt 00:03:19]} e4 {[%clk 00:01:51]} {[%emt 00:06:35]} 36.
h3 {[%clk 00:00:53]} {[%emt 00:03:34]} e3 {[%clk 00:00:34]} {[%emt 00:01:48]}
37. Nc2 {[%clk 00:00:36]} {[%emt 00:00:46]} Bxc2 {[%clk 00:00:40]} {[%emt
00:00:25]} 38. Bxc2 {[%clk 00:01:00]} {[%emt 00:00:05]} e2 {[%clk 00:00:59]}
{[%emt 00:00:12]} 39. Be4 {[%clk 00:00:34]} {[%emt 00:00:55]} e1=Q {[%clk
00:00:54]} {[%emt 00:00:35]} 40. Rxe1 {[%clk 00:00:57]} {[%emt 00:00:07]} Bxe1
{[%clk 00:01:19]} {[%emt 00:00:05]} 41. c5 {[%clk 00:29:50]} {[%emt 00:01:37]}
Kxb7 {[%clk 00:27:11]} {[%emt 00:04:39]} 42. d6+ {[%clk 00:29:57]} {[%emt
00:00:22]} Ka7 {[%clk 00:27:19]} {[%emt 00:00:22]} 43. c6 {[%clk 00:27:18]}
{[%emt 00:03:09]} Kb6 {[%clk 00:20:57]} {[%emt 00:06:53]} 44. c7 {[%clk
00:22:37]} {[%emt 00:05:10]} Bb4 {[%clk 00:20:15]} {[%emt 00:01:13]} 45. Bf5
{[%clk 00:22:37]} {[%emt 00:00:29]} Kb7 {[%clk 00:11:40]} {[%emt 00:09:05]} 46.
Be4+ {[%clk 00:22:38]} {[%emt 00:00:28]} Kc8 {[%clk 00:10:17]} {[%emt
00:01:54]} 47. Bf5+ {[%clk 00:21:32]} {[%emt 00:01:35]} Kb7 {[%clk 00:10:38]}
{[%emt 00:00:10]} 48. Be4+ {[%clk 00:21:37]} {[%emt 00:00:25]} Kc8 {[%clk
00:08:49]} {[%emt 00:02:19]} 49. Bf5+ {[%clk 00:21:57]} {[%emt 00:00:09]} Kb7
{[%clk 00:09:02]} {[%emt 00:00:18]} 50. Be4+ {[%clk 00:22:16]} {[%emt
00:00:11]} 1/2-1/2

[Event "ODJM A 2025"]
[Site "Willingen GER"]
[Date "2025.06.08"]
[Round "2"]
[White "Schulz, Dennis"]
[Black "Nguyen, Phuc Nhat"]
[Result "0-1"]
[Termination "normal"]
[Board "34"]
[WhiteElo "1894"]
[BlackElo "1974"]
[WhiteClock "00:58:59"]
[BlackClock "00:32:08"]
[PlyCount "46"]
[WhiteFideId "16241231"]
[BlackFideId "16253590"]
[EventCountry "GER"]
[EventRounds "9"]
[EventType "swiss"]
[EventDate "2025.06.07"]

1. d4 {[%clk 01:30:58]} {[%emt 00:00:01]} d5 {[%clk 01:30:44]} {[%emt
00:00:16]} 2. Nf3 {[%clk 01:31:24]} {[%emt 00:00:03]} Nf6 {[%clk 01:31:07]}
{[%emt 00:00:08]} 3. c4 {[%clk 01:31:49]} {[%emt 00:00:06]} e6 {[%clk
01:31:30]} {[%emt 00:00:06]} 4. g3 {[%clk 01:32:16]} {[%emt 00:00:03]} dxc4
{[%clk 01:31:34]} {[%emt 00:00:30]} 5. Bg2 {[%clk 01:31:15]} {[%emt 00:01:26]}
a6 {[%clk 01:31:44]} {[%emt 00:00:20]} 6. a4 {[%clk 01:31:05]} {[%emt
00:00:41]} Nc6 {[%clk 01:32:00]} {[%emt 00:00:13]} 7. O-O {[%clk 01:31:16]}
{[%emt 00:00:20]} Rb8 {[%clk 01:32:12]} {[%emt 00:00:18]} 8. Bg5 {[%clk
01:16:32]} {[%emt 00:15:14]} Be7 {[%clk 01:29:19]} {[%emt 00:03:22]} 9. Na3
{[%clk 01:11:17]} {[%emt 00:05:46]} Na5 {[%clk 01:13:10]} {[%emt 00:16:35]} 10.
Qc2 {[%clk 01:04:57]} {[%emt 00:06:53]} b5 {[%clk 01:07:41]} {[%emt 00:05:59]}
11. Bd2 {[%clk 01:00:06]} {[%emt 00:05:22]} Nb3 {[%clk 01:07:17]} {[%emt
00:00:54]} 12. Rad1 {[%clk 01:00:29]} {[%emt 00:00:07]} Nxd2 {[%clk 00:43:07]}
{[%emt 00:24:39]} 13. Nxd2 {[%clk 00:57:10]} {[%emt 00:03:48]} Bxa3 {[%clk
00:40:21]} {[%emt 00:03:17]} 14. bxa3 {[%clk 00:57:32]} {[%emt 00:00:09]} Bb7
{[%clk 00:40:14]} {[%emt 00:00:36]} 15. Bxb7 {[%clk 00:57:43]} {[%emt
00:00:19]} Rxb7 {[%clk 00:40:37]} {[%emt 00:00:08]} 16. Ne4 {[%clk 00:58:10]}
{[%emt 00:00:03]} Nxe4 {[%clk 00:40:50]} {[%emt 00:00:17]} 17. Qxe4 {[%clk
00:58:33]} {[%emt 00:00:06]} Qd5 {[%clk 00:41:13]} {[%emt 00:00:07]} 18. Qg4
{[%clk 00:58:37]} {[%emt 00:00:26]} O-O {[%clk 00:41:26]} {[%emt 00:00:17]} 19.
e4 {[%clk 00:59:05]} {[%emt 00:00:02]} Qd6 {[%clk 00:41:46]} {[%emt 00:00:10]}
20. d5 {[%clk 00:59:06]} {[%emt 00:00:30]} exd5 {[%clk 00:37:59]} {[%emt
00:04:17]} 21. Rxd5 {[%clk 00:59:16]} {[%emt 00:00:20]} Qxa3 {[%clk 00:37:38]}
{[%emt 00:00:51]} 22. Rfd1 {[%clk 00:59:23]} {[%emt 00:00:22]} c3 {[%clk
00:32:16]} {[%emt 00:05:52]} 23. Rd8 {[%clk 00:58:59]} {[%emt 00:00:55]} Rb8
{[%clk 00:32:08]} {[%emt 00:00:38]} 0-1